000 00457nam a2200181Ia 4500
003 OSt
005 20230307162328.0
008 210210b1959 xxu||||| |||| 00| 0 eng d
040 _cAL
041 _aeng
082 _a335/13
100 _aGHOSH (Alak)
_974520
245 _aIndian economy: its nature and problems
260 _aCalcutta
_bThe World Press Private Ltd.,
_c1959
690 _aIndian Economics
_974521
906 _a004356
942 _2ddc
_cBK
999 _c124741
_d124741